|
|
|
|
| LEADER |
01151aam a22002898a 4500 |
| 001 |
00029189 |
| 005 |
20171026081022.0 |
| 008 |
120514s2011 ||||||viesd |
| 020 |
|
|
|c 99000
|
| 041 |
0 |
# |
|a vie
|
| 082 |
1 |
4 |
|a 657.071
|b GI108TR
|
| 100 |
1 |
# |
|a Đặng, Thị Loan
|
| 245 |
1 |
0 |
|a Giáo trình kế toán tài chính trong các doanh nghiệp
|c Đặng Thị Loan
|
| 250 |
# |
# |
|a Tái bản lần thứ 1
|
| 260 |
# |
# |
|a Hà nội
|b Đại Học Kinh Tế Quốc Dân
|c 2011
|
| 300 |
# |
# |
|a 519tr.
|b hình vẽ
|c 24cm.
|
| 500 |
# |
# |
|a ĐTTS ghi: Trường Đại học Kinh tế Quốc dân. Khoa kế toán
|
| 650 |
# |
4 |
|a Kế toán tài chính
|x Giáo trình
|
| 653 |
# |
# |
|a Kế toán
|
| 653 |
# |
# |
|a Kế toán doanh nghiệp
|
| 710 |
2 |
# |
|a Trường Đại học Kinh tế Quốc dân
|
| 852 |
# |
# |
|b Kho giáo trình
|j KGT.0034338, KGT.0034339
|
| 852 |
# |
# |
|b Kho mượn
|j KGT.0034338
|
| 852 |
# |
# |
|b Kho đọc
|j KD.0013569
|
| 852 |
# |
# |
|j KGT.0034339
|j KD.0013569
|j KGT.0034338
|
| 910 |
|
|
|d 14/05/2012
|
| 980 |
# |
# |
|a Trung tâm Học liệu Lê Vũ Hùng, Trường Đại học Đồng Tháp
|